The resurrection of our Lord. (Record no. 7604)

000 -LEADER
fixed length control field 00550nam a2200181 a 4500
001 - CONTROL NUMBER
control field :::00005365$&:&@@
003 - CONTROL NUMBER IDENTIFIER
control field OkBaRHE
005 - DATE AND TIME OF LATEST TRANSACTION
control field 20000607103325.0
008 - FIXED-LENGTH DATA ELEMENTS--GENERAL INFORMATION
fixed length control field s1881 j 000 0 eng u
040 ## - CATALOGING SOURCE
Transcribing agency
100 1# - MAIN ENTRY--PERSONAL NAME
Personal name Milligan, William.
245 14 - TITLE STATEMENT
Title The resurrection of our Lord.
260 ## - PUBLICATION, DISTRIBUTION, ETC. (IMPRINT)
Place of publication, distribution, etc London, UK:EN., :
Name of publisher, distributor, etc Macmillan and Co.
Date of publication, distribution, etc c1881
300 ## - PHYSICAL DESCRIPTION
Extent 343 p. ;
Dimensions 23 cm.
650 ## - SUBJECT ADDED ENTRY--TOPICAL TERM
Topical term or geographic name as entry element Jesus Christ
General subdivision Resurrection
942 ## - ADDED ENTRY ELEMENTS (KOHA)
Source of classification or shelving scheme
Koha item type Books
Copies
Barcode Copy number Source of classification or shelving scheme Full call number Damaged status Current Location Shelving location Lost status Koha item type Not for loan Total Checkouts Date acquired Permanent Location Total Renewals Withdrawn status Price effective from Date checked out Date last seen
53651 BT 481 .M4772 RHEMA Bible Training CollegeGeneral Stacks Books 22010-04-14RHEMA Bible Training College1 2010-04-142013-11-132013-12-18